[Event "Sandefjord Caissa Spring Seniors"]
[Site "Sandefjord"]
[Date "2019.03.11"]
[Round "4"]
[White "Tidemann Andersen, Leif"]
[Black "Kjamperud, Einar"]
[Result "0-1"]
[WhiteElo "1588"]
[BlackElo "1810"]
[PlyCount "52"]
[EventDate "2019.01.21"]
[EventType "tourn"]
[EventRounds "7"]
[EventCountry "NOR"]
[SourceTitle "EXT 2024"]
[Source "ChessBase"]
[SourceDate "2023.10.10"]
[SourceVersion "1"]
[SourceVersionDate "2023.10.10"]
[SourceQuality "1"]

1. c4 e5 2. Nc3 Nf6 3. g3 Be7 4. Bg2 d6 5. e3 c6 6. Nge2 Be6 7. b3 d5 8. d3 Na6 9. 0-0 0-0 10. Bb2 Qd7 11. cxd5 cxd5 12. d4 e4 13. Nf4 Bg4 14. f3 exf3 15. Bxf3 Bxf3 16. Qxf3 Rad8 17. Rac1 Nc7 18. Nd3 Ne6 19. Ne5 Qd6 20. Rc2 Ng5 21. Qg2 Nfe4 22. Nb5 Qh6 23. Ng4 Nh3+ 24. Kh1 Qh5 25. Qe2 Nhf2+ 26. Nxf2 Nxg3+ 0-1

[Event "Sandefjord Caissa op"]
[Site "Sandefjord"]
[Date "2005.11.14"]
[Round "8"]
[White "Tidemann Andersen, Leif"]
[Black "Hansen, Rune Vik"]
[Result "1-0"]
[WhiteElo "1536"]
[BlackElo "1768"]
[PlyCount "82"]
[EventDate "2005.08.29"]
[EventType "swiss"]
[EventRounds "9"]
[EventCountry "NOR"]
[SourceTitle "EXT 2007"]
[Source "ChessBase"]
[SourceDate "2006.11.23"]
[SourceVersion "1"]
[SourceVersionDate "2006.11.23"]
[SourceQuality "1"]

1. e4 c5 2. Nf3 d6 3. c4 Nc6 4. d4 cxd4 5. Nxd4 Nf6 6. Nc3 g6 7. Be2 Bg7 8. Be3 0-0 9. 0-0 Bd7 10. Qd2 Re8 11. f3 Ne5 12. Rab1 Rc8 13. b3 a6 14. Rfd1 Nc6 15. Bf1 Nxd4 16. Bxd4 Bc6 17. Qf2 Nd7 18. Bxg7 Kxg7 19. g3 Qb6 20. Qxb6 Nxb6 21. Bh3 Rcd8 22. Rd2 Bd7 23. Bg2 Bc6 24. Rbd1 Nd7 25. Kf2 f5 26. exf5 gxf5 27. Nd5 Bxd5 28. Rxd5 Nb6 29. Rxf5 e6 30. Rf4 d5 31. cxd5 Nxd5 32. Rfd4 Rc8 33. R1d2 b5 34. f4 Nf6 35. Bb7 Rc3 36. h3 e5 37. R4d3 exf4 38. Rxc3 Re7 39. Bg2 b4 40. Rcd3 fxg3+ 41. Rxg3+ Kf7 1-0

[Event "Sandefjord Caissa op"]
[Site "Sandefjord"]
[Date "2005.10.24"]
[Round "4"]
[White "Tidemann Andersen, Leif"]
[Black "Gregersen, Olav"]
[Result "1-0"]
[WhiteElo "1536"]
[BlackElo "1081"]
[PlyCount "33"]
[EventDate "2005.08.29"]
[EventType "swiss"]
[EventRounds "9"]
[EventCountry "NOR"]
[SourceTitle "EXT 2007"]
[Source "ChessBase"]
[SourceDate "2006.11.23"]
[SourceVersion "1"]
[SourceVersionDate "2006.11.23"]
[SourceQuality "1"]

1. e4 c6 2. d4 d5 3. e5 e6 4. f4 f6 5. Nf3 Nd7 6. Bd3 c5 7. c3 a6 8. 0-0 c4 9. Bc2 Nb6 10. Nh4 Qe7 11. Bg6+ Kd7 12. exf6 gxf6 13. f5 Kc7 14. fxe6 Qg7 15. Bf4+ Bd6 16. Bxd6+ Kxd6 17. Nf5+ 1-0

[Event "Sandefjord Caissa op"]
[Site "Sandefjord"]
[Date "2005.09.12"]
[Round "3"]
[White "Kjamperud, Einar"]
[Black "Tidemann Andersen, Leif"]
[Result "1-0"]
[WhiteElo "1601"]
[BlackElo "1536"]
[PlyCount "65"]
[EventDate "2005.08.29"]
[EventType "swiss"]
[EventRounds "9"]
[EventCountry "NOR"]
[SourceTitle "EXT 2007"]
[Source "ChessBase"]
[SourceDate "2006.11.23"]
[SourceVersion "1"]
[SourceVersionDate "2006.11.23"]
[SourceQuality "1"]

1. d4 Nf6 2. c4 e6 3. Nf3 c5 4. d5 exd5 5. cxd5 d6 6. Nc3 g6 7. e4 Bg7 8. Be2 0-0 9. Bg5 h6 10. Bh4 Bg4 11. 0-0 Bxf3 12. Bxf3 Nbd7 13. Be2 a6 14. a4 Qb6 15. Qc2 Rfe8 16. a5 Qc7 17. f4 b5 18. axb6 Qxb6 19. Kh1 Reb8 20. Rab1 Qb4 21. Bg3 c4 22. e5 Ne8 23. e6 Nf8 24. f5 g5 25. Bh5 f6 26. Qe4 Nc7 27. h4 Nh7 28. Rfe1 gxh4 29. Qxh4 Ng5 30. Qh2 Rd8 31. e7 Rd7 32. e8Q+ Nxe8 33. Bxe8 1-0

[Event "Sandefjord Hostturneringen"]
[Site "Sandefjord"]
[Date "2003.09.29"]
[Round "3"]
[White "Farmen, Pal"]
[Black "Tidemann Andersen, Leif"]
[Result "0-1"]
[WhiteElo "1616"]
[BlackElo "1488"]
[PlyCount "80"]
[EventDate "2003.09.??"]
[EventType "swiss"]
[EventRounds "9"]
[EventCountry "NOR"]
[SourceTitle "EXT 2005"]
[Source "ChessBase"]
[SourceDate "2004.11.15"]
[SourceVersion "1"]
[SourceVersionDate "2004.11.15"]
[SourceQuality "1"]

1. e4 e5 2. Nf3 Nc6 3. Bb5 d6 4. d4 exd4 5. Nxd4 Bd7 6. 0-0 Nxd4 7. Bxd7+ Qxd7 8. Qxd4 Be7 9. Qxg7 Bf6 10. Qg3 Ne7 11. Qb3 0-0-0 12. Nc3 Rhg8 13. Nd5 Nxd5 14. Qxd5 Rxg2+ 15. Kh1 Qh3 16. Qf5+ Qxf5 17. exf5 Rdg8 18. c3 Be5 19. f4 Bf6 20. Rb1 Re2 21. Rg1 Rxg1+ 22. Kxg1 c5 23. Kf1 Rxh2 24. Be3 Bh4 25. Rd1 Kc7 26. Rd2 Rxd2 27. Bxd2 Kc6 28. Ke2 d5 29. Kf3 h5 30. Be3 a5 31. Ke2 b5 32. b4 axb4 33. cxb4 d4 34. Bg1 Bf6 35. bxc5 Kxc5 36. Kd3 h4 37. a3 h3 38. Bh2 Kd5 39. Bg1 Bh4 40. Bh2 Be7 0-1

[Event "Sandefjord CC-ch"]
[Site "Sandefjord"]
[Date "2003.03.10"]
[Round "7"]
[White "Tidemann Andersen, Leif"]
[Black "Farmen, Pal"]
[Result "1-0"]
[WhiteElo "1466"]
[BlackElo "1586"]
[PlyCount "61"]
[EventDate "2003.01.??"]
[EventType "swiss"]
[EventRounds "8"]
[EventCountry "NOR"]
[SourceTitle "EXT 2005"]
[Source "ChessBase"]
[SourceDate "2004.11.15"]
[SourceVersion "1"]
[SourceVersionDate "2004.11.15"]
[SourceQuality "1"]

1. e4 c6 2. d4 d5 3. e5 Bf5 4. Bd3 Bxd3 5. Qxd3 e6 6. Ne2 Qa5+ 7. Bd2 Qa6 8. Qe3 Ne7 9. Ng3 Nd7 10. Nc3 c5 11. f4 cxd4 12. Qxd4 Nc6 13. Qa4 Qxa4 14. Nxa4 Nd4 15. Rc1 Rc8 16. c3 Nc6 17. b3 Ba3 18. Rb1 b5 19. Nb2 Bxb2 20. Rxb2 h5 21. h4 Nc5 22. Ke2 g6 23. Be3 Nd7 24. Rd1 f6 25. c4 bxc4 26. bxc4 d4 27. Bxd4 Nxd4+ 28. Rxd4 fxe5 29. fxe5 Rc7 30. Ne4 Nxe5 31. Rb8+ 1-0